Kiến trúc cơ sở phục vụ thiết kế nội ngoại thất
Zapisane w:
| 1. autor: | |
|---|---|
| Format: | Książka |
| Język: | Undetermined |
| Wydane: |
H.
Xây dựng
2008
|
| Hasła przedmiotowe: | |
| Dostęp online: | http://lrc.tdmu.edu.vn/opac/search/detail.asp?aID=2&ID=3740 |
| Etykiety: |
Dodaj etykietę
Nie ma etykietki, Dołącz pierwszą etykiete!
|
| Thư viện lưu trữ: | Trung tâm Học liệu Trường Đại học Thủ Dầu Một |
|---|
| LEADER | 00682nam a2200193Ia 4500 | ||
|---|---|---|---|
| 001 | TDMU_3740 | ||
| 008 | 210410s9999 xx 000 0 und d | ||
| 082 | |a 728 | ||
| 090 | |b N4994 | ||
| 100 | |a Nguyễn, Đức Thiềm | ||
| 245 | 0 | |a Kiến trúc cơ sở phục vụ thiết kế nội ngoại thất | |
| 245 | 0 | |c Nguyễn Đức Thiềm | |
| 260 | |a H. | ||
| 260 | |b Xây dựng | ||
| 260 | |c 2008 | ||
| 300 | |a 343tr. | ||
| 650 | |a Kiến trúc sơ sở; Thiết kế nội ngoại thất | ||
| 856 | |u http://lrc.tdmu.edu.vn/opac/search/detail.asp?aID=2&ID=3740 | ||
| 980 | |a Trung tâm Học liệu Trường Đại học Thủ Dầu Một | ||